000 00766nam a2200289Ia 4500
005 20260324132728.0
008 008 260324s9999 xx 000 0 eng d
020 _a9781849772433
037 _aEBOOK
040 _aCRL
040 _beng
040 _cCRL
041 _2eng
041 _aeng
084 _qCRL
100 _aStephen Turner; Christo Fabricius; Eddie Koch; Hector Magome
_91190401
245 0 _aRights Resources and Rural Development
245 0 _bCommunity-based Natural Resource Management in Southern Africa
260 _bTaylor and Francis
260 _c2004
365 _a
365 _b230
856 _uhttp://www.taylorfrancis.com/books/9781849772433
942 _cEBOOK
999 _c1788749
_d1788749